Регионална библиотека "Любен Каравелов" - Русе

Народи и земи (Запис номер 381027)

MARC детайли
000 -Лидер
Контролно поле с фиксирана дължина 01524nam a2200337 a 4500
003 - Код на организацията, давaща контролен номер
Контролно поле BLK
005 - Дата и час на последна редакция
Контролно поле 20250312161642.0
008 - Елементи от данни с фиксирана дължина
fixed length control field 202008b bul|||||r ||||||| ||bul||
020 ## - Международен стандартен номер на книга ISBN
Международен стандартен номер на книга ISBN 9786191952526
040 ## - Източник на каталожния запис
Идентификатор на билиотеката - собственик на записа BLK
041 ## - Код за език
Код за езика на текст/звукозапис или на отделно заглавие Български
Код за езика КДБФ Български
080 ## - УДК
Текстов определител УДК Издания за деца и юноши. Книжки-картинки. Читанки. Вж и 372.4
УДК код - определител по УДК 087.5
УДК определител :39
УДК - код + определител 087.5:39
080 ## - УДК
Текстов определител УДК Етнология. Етнография. Нрави. Обичаи. Бит. Фолклористика. Вж и 572 ; 903 ; 904
УДК код - определител по УДК 39
УДК определител :087.5
УДК - код + определител 39:087.5
139 ## - Редно поле
Редна дума Народи и земи
Авторски знак Наро - Н 25
245 10 - Сведения за заглавието
Заглавие Народи и земи
Подзаглавни данни Енциклопедия
Редно поле (дума) Прев. Камен Велчев.
257 ## - Страна на издаване
Страна на създаване/издаване България
260 ## - Област на издателските данни
Място на издаване, разпространение и проч. София
Име на издателя, разпространителя и проч. Книгомания
Година на издаване 2020
9 (RLIN) 214104
Издателство - префикс ISBN 978-619-195- ; 978-954-8432- ; 978-954-9817- ; 954-90578-
300 ## - Физическа характеристика
Страници 304 с.
Илюстрации и др. с ил.
Размери/Мащаб 21 см
380 ## - Жанр
Жанр Детска отраслова лит.
500 ## - Общи забележки
Забележка Ориг. загл., установено от доп. източник: People and places. - Азб. показалец / състав. Ванеса Бърд.
650 #7 - Допълнително описание по предмет – тема
Основно описание – тема или топоним Етнография
9 (RLIN) 155169
650 #0 - Допълнително описание по предмет – тема
Основно описание – тема или топоним Деца - енциклопедии и справочници
9 (RLIN) 345120
653 #7 - Ключова дума – ненормативна
Ключова дума народи
9 (RLIN) 191743
653 #7 - Ключова дума – ненормативна
Ключова дума обичаи
9 (RLIN) 192501
700 ## - Други автори (авторска отговорност)
Лично име Велчев, Камен Петков
Дати, свързани с автора 1974 -
9 (RLIN) 333727
852 ## - Местоположение
Систематично-азбучна сигнатура 904/Н 25
852 ## - Местоположение
Форматна сигнатура Цб ІІ 30745
Фондова буква Хранилище
999 ## - СИСТЕМНИ КОНТРОЛНИ НОМЕРА
Koha biblionumber 381027
Koha biblioitemnumber 381027
942 ## - АРТИКУЛИ
Вид на библиотечния материал Книги
Скрит в OPAC Не
Koha issues (borrowed), all copies 7
Периодичен библиозапис Да
944 ## - СЪЗДАВАНЕ И РЕДАКЦИЯ на ЗАПИСА
Създаване/Редакция Създаване
Дата на регистрацията/редакция 2020-08-10
Служител, извършил регистрацията/редакцията 30551
Статус, дата на статуса Бояна Костадинова
944 ## - СЪЗДАВАНЕ И РЕДАКЦИЯ на ЗАПИСА
Създаване/Редакция Редакция
Дата на регистрацията/редакция 2022-03-17
Служител, извършил регистрацията/редакцията Кети
Наличности
Код за отписване Код за изгубен артикул Източник на класификационната схема Код за повреда Коз за рестрикции Код за отдаване Артикулен № Име на библиотеката - собственик Име на библиотеката, в която се намира в момента Статус (Текущо местоположение) Дата на вписване в системата Местоположение - отдел Цена в лева Систематично азбучна сигнатура Баркод Цена в евро Служебен тип на артикула
  Не е изгубен Universal Decimal Classification Не е повреден само за читалня ползва се в читалня 877977 Регионална библиотека "Любен Каравелов" Русе Регионална библиотека "Любен Каравелов" Русе Хранилище 2022-03-21 Хранилище 35.00 Цб ІІ 30745 120000870051 17.90 Книги
  Не е изгубен Universal Decimal Classification Не е повреден без рестрикции заемане за дома 889801 Регионална библиотека "Любен Каравелов" Русе Регионална библиотека "Любен Каравелов" Русе Детски отдел 2022-06-15 Детски отдел 26.25 39/Н 25 120000872794 13.42 Книги
Vip Innovations Ltd, Rousse, Bulgaria 2025